[Event "SRI-chB (Women)"]
[Site "Mount Lavinia"]
[Date "2022.03.18"]
[Round "5"]
[White "Attanayake, Chanindi Mewna"]
[Black "Marasinghe, Chanethma Devangi"]
[Result "1-0"]
[WhiteElo "1552"]
[BlackElo "1341"]
[PlyCount "70"]
[EventDate "2022.03.16"]
[EventType "swiss"]
[EventRounds "10"]
[EventCountry "SRI"]
[SourceTitle "EXT 2023"]
[Source "ChessBase"]
[SourceDate "2022.10.05"]
[SourceVersion "1"]
[SourceVersionDate "2022.10.05"]
[SourceQuality "1"]

1. e4 d6 2. d4 Nf6 3. Nc3 g6 4. Nf3 Bg7 5. Be2 c6 6. a4 a5 7. 0-0 0-0 8. h3 Nbd7 9. Be3 Qc7 10. Qd2 Rd8 11. Rad1 Nf8 12. d5 Bd7 13. Bf4 Nh5 14. Be3 Nf6 15. Bd4 c5 16. Be3 Be8 17. Nh2 N8d7 18. b3 Qb6 19. Bh6 Qb4 20. Bxg7 Kxg7 21. Qe3 Qb6 22. Ng4 Nxg4 23. hxg4 Nf8 24. g5 f6 25. f4 Bd7 26. f5 Rdb8 27. Kh2 Qc7 28. Qf4 Qd8 29. gxf6+ exf6 30. Qxd6 b6 31. Rd3 g5 32. e5 fxe5 33. f6+ Kf7 34. Ne4 h6 35. Bh5+ Ng6 1-0

[Event "SRI-chB (Women)"]
[Site "Mount Lavinia"]
[Date "2022.03.17"]
[Round "3"]
[White "Gamage, Desandhi Dhihansa"]
[Black "Marasinghe, Chanethma Devangi"]
[Result "0-1"]
[WhiteElo "1508"]
[BlackElo "1341"]
[PlyCount "156"]
[EventDate "2022.03.16"]
[EventType "swiss"]
[EventRounds "10"]
[EventCountry "SRI"]
[SourceTitle "EXT 2023"]
[Source "ChessBase"]
[SourceDate "2022.10.05"]
[SourceVersion "1"]
[SourceVersionDate "2022.10.05"]
[SourceQuality "1"]

1. e4 d6 2. d4 Nf6 3. Nc3 g6 4. f3 Bg7 5. Be3 c6 6. Bc4 Nbd7 7. Qd2 b5 8. Bb3 a5 9. a3 Ba6 10. Nh3 e6 11. d5 cxd5 12. exd5 e5 13. Ne4 Nxe4 14. fxe4 Nf6 15. Nf2 0-0 16. 0-0 a4 17. Ba2 Qc7 18. Rfc1 Rfc8 19. Qb4 Qd7 20. h3 Nh5 21. Qd2 f5 22. Bh6 f4 23. Bxg7 Kxg7 24. Ng4 Ng3 25. Re1 h5 26. Nh2 Qa7+ 27. Qf2 Qxf2+ 28. Kxf2 Rxc2+ 29. Kf3 Rxb2 30. Rec1 b4 31. Bc4 b3 32. Bxa6 Rxa6 33. Rc8 Rd2 34. Rac1 Rd3+ 35. Kf2 Nxe4+ 36. Ke2 Re3+ 37. Kd1 Rd3+ 38. Ke2 Rd2+ 39. Ke1 Rc2 40. R8xc2 bxc2 41. Rxc2 Ra5 42. Rc4 Nf6 43. Nf3 Nxd5 44. Rc6 Ne3 45. Rxd6 Nxg2+ 46. Kf2 Ne3 47. Nh4 Nf5 48. Nxf5+ gxf5 49. h4 Rc5 50. Ra6 Rc2+ 51. Kg1 Rc4 52. Ra5 Re4 53. Kf2 f3 54. Kxf3 Rxh4 55. Rxe5 Kf6 56. Ra5 Rc4 57. Kg2 h4 58. Kh2 Kg5 59. Ra8 f4 60. Rg8+ Kf5 61. Kh3 Rc3+ 62. Kxh4 Rxa3 63. Rf8+ Ke4 64. Kg4 Rg3+ 65. Kh4 a3 66. Ra8 Rd3 67. Kg4 f3 68. Ra4+ Ke3 69. Kg3 Ke2 70. Rh4 f2+ 71. Kh2 f1R 72. Re4+ Re3 73. Rxe3+ Kxe3 74. Kg2 Rf2+ 75. Kh3 a2 76. Kh4 a1Q 77. Kg5 Qg1+ 78. Kh4 Rh2# 0-1